[Event "Petersburg Summer Blitz 2013"]
[Site "St Petersburg RUS"]
[Date "2013.08.28"]
[Round "6.2"]
[White "Demidov,M"]
[Black "Matlakov,M"]
[Result "1/2-1/2"]
[WhiteElo "2494"]
[BlackElo "2676"]

1.d4 Nf6 2.Bg5 d5 3.Bxf6 gxf6 4.e3 c5 5.c3 Qb6 6.Qd2 Nc6 7.Nf3 e5 8.Be2 Be6
9.O-O Be7 10.Na3 cxd4 11.cxd4 e4 12.Ne1 f5 13.f4 Rc8 14.Rc1 Kd7 15.Nb5 Na5
16.Nc3 Qb4 17.Rf2 Nc4 18.Bxc4 Rxc4 19.Qd1 Rhc8 20.Rfc2 Qa5 21.a3 b5 22.Na2 Qb6
23.Qd2 a5 24.Kf2 h5 25.Rxc4 bxc4 26.Nc3 Qb3 27.Rc2 Rb8 28.Kf1 h4 29.Qd1 Qb6
30.Rd2 Qc6 31.Rc2 Rb3 32.Qd2 Qb7 33.Qe2 Ke8 34.Qd2 Bd7 35.Kg1 Bc6 36.Kf1 Qd7
37.Qd1 Qe6 38.Qh5 Qg6 39.Qh8+ Kd7 40.Kf2 Bd6 41.Kf1 Rb8 42.Qxh4 Be7 43.Qg3 Qh5
44.h3 Rh8 45.Qg7 Rh7 46.Qe5 Bd6 47.Qf6 Be7 48.Qe5 Bd6 49.Qf6 Rh6 50.Qg7 Ke7
51.Qg8 Rh8 52.Qg7 Rh7 53.Qg8 Rh8 54.Qg7 Rh7 55.Qg8 Rh8 56.Qg7 Rh7 57.Qg8 Rh8  1/2-1/2

[Event "78th ch-ESP 2013"]
[Site "Linares ESP"]
[Date "2013.08.29"]
[Round "1.15"]
[White "Lucena Moreno,R"]
[Black "Gonzalez de la Torre,S"]
[Result "0-1"]
[WhiteElo "2015"]
[BlackElo "2472"]

1.d4 Nf6 2.Bg5 d5 3.e3 c6 4.c3 g6 5.Nd2 Bg7 6.Bd3 O-O 7.Qe2 Qb6 8.O-O-O Nbd7
9.Ngf3 c5 10.h3 Qa5 11.Kb1 c4 12.Bc2 b5 13.a3 Qb6 14.e4 dxe4 15.Nxe4 a5 16.Ne5 Nd5
17.Ka1 Nxe5 18.dxe5 Be6 19.Bc1 b4 20.f4 bxa3 21.bxa3 Rab8 22.Ba4 Qb1+  0-1

[Event "24th Porto San Giorgio Open"]
[Site "Porto San Giorgio ITA"]
[Date "2013.08.29"]
[Round "9.3"]
[White "Paltrinieri,N"]
[Black "Romanishin,O"]
[Result "0-1"]
[WhiteElo "2177"]
[BlackElo "2494"]

1.d4 Nf6 2.Bg5 d5 3.Bxf6 exf6 4.e3 Be6 5.Nd2 c6 6.Bd3 Bd6 7.Qf3 Qa5 8.Ne2 Nd7
9.c3 h5 10.h3 O-O-O 11.g3 g5 12.h4 Rde8 13.a4 Qd8 14.b4 Kb8 15.a5 a6 16.Nb3 Bg4
17.Qg2 Nf8 18.Kd2 Ng6 19.hxg5 fxg5 20.Nc5 Bc8 21.Rhc1 h4 22.c4 hxg3 23.fxg3 dxc4
24.Rxc4 Qe7 25.e4 g4 26.Rf1 Bc7 27.Rcc1 Rh6 28.Qf2 Qg5+ 29.Kc2 f5 30.e5 Reh8
31.e6 Ne7 32.Kb1 Bxe6 33.Nf4 Bc8 34.Rfe1 Rh2 35.Qe3 Ng6 36.d5 Nxf4 37.dxc6 Qg7
38.Re2 Rxe2 39.Bxe2 Nd5 40.Qb3 bxc6 41.Bxa6 Qd4 42.b5 Be5 43.Nd7+ Bxd7 44.bxc6+ Nb4  0-1

[Event "78th ch-ESP 2013"]
[Site "Linares ESP"]
[Date "2013.08.31"]
[Round "3.20"]
[White "Alvarado Diaz,A"]
[Black "Nicolas Zapata,J"]
[Result "1-0"]
[WhiteElo "2313"]
[BlackElo "2084"]

1.d4 Nf6 2.Bg5 c5 3.Bxf6 gxf6 4.d5 Qb6 5.Qc1 Bg7 6.g3 f5 7.c3 e6 8.Bg2 Na6
9.Nd2 Nc7 10.Nc4 Qa6 11.Qf4 O-O 12.Ne3 Nb5 13.Kf1 Nd6 14.Nf3 Ne4 15.g4 Qb5
16.gxf5 Qxb2 17.Re1 Nf6 18.Rg1 Qxc3 19.Bh3 Kh8 20.Rxg7 Kxg7 21.Ne5 Kh8 22.Qh6 Qxe5
23.Ng4 Ng8 24.Qxf8 Qxd5 25.Bg2 Qd2 26.Ne5 Qd5 27.Ng4 Qe5 28.Bh3 Qg7 29.Qe8 b6
30.f6 Qg5 31.Qxf7 Bb7 32.Ra1  1-0

[Event "21st Honor to National Resistance"]
[Site "Nikaia GRE"]
[Date "2013.08.31"]
[Round "7.3"]
[White "Kotronias,V"]
[Black "Rigopoulos Tsigkos,A"]
[Result "1-0"]
[WhiteElo "2579"]
[BlackElo "2066"]

1.d4 Nf6 2.Bg5 d5 3.Bxf6 exf6 4.e3 Bd6 5.g3 c6 6.Bg2 Qb6 7.b3 a5 8.a4 Be6
9.Ne2 O-O 10.O-O Na6 11.Nd2 Rfd8 12.c3 h6 13.Qb1 Rac8 14.h4 Bf8 15.Nf4 c5
16.Qd3 cxd4 17.exd4 Qd6 18.Rfe1 Nc7 19.h5 Qd7 20.Nf3 Bf5 21.Qd2 Ne6 22.Nh4 Nxf4
23.Qxf4 Bh7 24.Re3 Bc2 25.Rae1 Bxb3 26.Nf5 Bc2 27.Bh3 Kh8 28.Kh2 Qc7 29.Qh4 Ra8
30.Qg4 Qc8 31.Qf3 Be4 32.Rxe4 dxe4 33.Rxe4 Qc6 34.Nh4 Re8 35.Bf5 Qxa4 36.Rg4 Qc6
37.d5 Qd6 38.Bc2 Qe5 39.Qd3 f5 40.Rf4 a4 41.Nf3 Qe2 42.Qxf5 Qxf2+ 43.Kh3 Qf1+
44.Kg4 g6 45.hxg6 fxg6 46.Qf6+ Bg7 47.Qxg6  1-0

[Event "Petersburg Summer Rapid 2013"]
[Site "St Petersburg RUS"]
[Date "2013.08.31"]
[Round "1.10"]
[White "Monina,P"]
[Black "Chadaev,N"]
[Result "0-1"]
[WhiteElo "1985"]
[BlackElo "2591"]

1.d4 Nf6 2.Bg5 d5 3.Nf3 c5 4.c3 Qb6 5.Qb3 Nc6 6.e3 c4 7.Qxb6 axb6 8.Nbd2 b5
9.Bxf6 gxf6 10.e4 Be6 11.Be2 dxe4 12.Nxe4 Bd5 13.Ned2 Bh6 14.O-O e5 15.dxe5 fxe5
16.Rfd1 O-O 17.Nf1 Be6 18.Ne3 Rfd8 19.Rxd8+ Rxd8 20.Rd1 Rxd1+ 21.Bxd1 f5
22.Bc2 e4 23.Ne1 Ne5 24.Kf1 Nd3 25.b3 Bg7 26.bxc4 bxc4 27.Nd1 Kf7 28.f3 Ke7
29.g4 fxg4 30.fxe4 Nxe1 31.Kxe1 Be5 32.Ne3 Bxh2 33.Bd1 h5 34.Kf2 Be5  0-1

[Event "78th ch-ESP 2013"]
[Site "Linares ESP"]
[Date "2013.09.01"]
[Round "4.19"]
[White "Chueca Forcen,A"]
[Black "Navarrete Espi,S"]
[Result "0-1"]
[WhiteElo "2313"]
[BlackElo "2214"]

1.d4 Nf6 2.Bg5 c5 3.Nc3 Qb6 4.d5 Qxb2 5.Bd2 Qb6 6.e4 d6 7.f4 Bg4 8.Qc1 Qc7
9.f5 a6 10.h3 Bh5 11.Bg5 Nbd7 12.Qf4 Qa5 13.Kd2 Ng8 14.Qh4 h6 15.Qxh5 hxg5
16.Qxh8 Ngf6 17.Bd3 c4 18.Nf3 Rc8 19.Rac1 Nc5 20.Nxg5 Na4 21.Nh7 Qxc3+ 22.Ke3 Nxh7
23.Qxh7 Nb2 24.Kf3 cxd3 25.cxd3 Qxd3+ 26.Kg4 Qxe4+ 27.Kh5 Rxc1 28.Rxc1 Qxg2
29.Rc8+ Kd7 30.Qg8 Kxc8 31.Qxf8+ Kd7 32.Qxf7 Qxh3+ 33.Kg5 Qh6+ 34.Kg4 Qf6
35.Qg8 Nd3 36.Qb8 Nc5 37.Qg8 a5 38.a4 Nxa4 39.Qa8 Qd4+ 40.Kg5 Qxd5 41.Kg6 Nb6
42.Qh8 Qe5 43.Qb8 Qf6+ 44.Kh7 Qxf5+ 45.Kg8 Ke6 46.Qxb7 Nd5 47.Qc8+ Kf6 48.Qc6 Qe6+
49.Kh7 Kf7 50.Qc1 Qh3+  0-1

[Event "67th Moscow Blitz 2013"]
[Site "Moscow RUS"]
[Date "2013.09.01"]
[Round "13"]
[White "Demidov,M"]
[Black "Grischuk,A"]
[Result "0-1"]
[WhiteElo "2503"]
[BlackElo "2785"]

1.d4 Nf6 2.Bg5 g6 3.Bxf6 exf6 4.e3 d5 5.g3 c6 6.Bg2 Bd6 7.Ne2 Qe7 8.Nd2 h5
9.h4 Bg4 10.c4 dxc4 11.Nxc4 Bb4+ 12.Nd2 Nd7 13.a3 Bd6 14.Bf3 Be6 15.Qc2 O-O
16.O-O Rad8 17.b4 Rfe8 18.Rfe1 f5 19.Nc4 Bc7 20.Na5 Rb8 21.d5 Ne5 22.Bg2 Bxd5
23.Bxd5 cxd5 24.Red1 Red8 25.Nb3 Rbc8 26.Qb1 Ng4 27.Qd3 Ne5 28.Qb1 Bb6 29.Nbd4 Rc4
30.Kg2 Nc6 31.Nf3 Qe4 32.Qxe4 dxe4 33.Rxd8+ Bxd8 34.Ng5 Rc2 35.Nf4 Ne5 36.Ngh3 Bb6
37.Nd5 Kg7 38.a4 Ng4 39.Kg1 Rd2 40.Nxb6 axb6 41.a5 b5 42.Rc1 Rb2 43.Rc7 Rxb4
44.Rxb7 Rb1+ 45.Kg2 b4 46.a6 Ra1 47.Ng5 Ne5 48.Rb5 b3 49.Rxb3 Rxa6 50.Rb5 f6
51.Rb7+ Kf8 52.Rb8+ Ke7 53.Rb7+ Nd7 54.Nh3 Rd6 55.Nf4 Kf7 56.Ra7 Rd2 57.Kg1 g5
58.hxg5 fxg5 59.Nxh5 Kg6 60.g4 fxg4 61.Ng3 Ne5 62.Ra6+ Kf7 63.Nxe4 Rd1+ 64.Kg2 Nf3
65.Rf6+ Kg7 66.Rxf3 gxf3+ 67.Kxf3 Kg6 68.Kg4 Rg1+ 69.Kf3 Kh5 70.Ng3+ Kh4
71.Nf5+ Kh3 72.e4 Rg4 73.Nd6 Rf4+ 74.Ke3 Kg2 75.e5 Rxf2 76.Ne4 Rf5 77.Kd4 Kf3
78.Nd2+ Kf4  0-1

[Event "Petersburg Summer Rapid 2013"]
[Site "St Petersburg RUS"]
[Date "2013.09.01"]
[Round "5.8"]
[White "Smirnov,Arte"]
[Black "Matlakov,M"]
[Result "0-1"]
[WhiteElo "2439"]
[BlackElo "2676"]

1.d4 Nf6 2.Bg5 d5 3.Nd2 c6 4.e3 g6 5.Bd3 Bg7 6.Ngf3 O-O 7.O-O Be6 8.c3 Nbd7
9.Qe2 c5 10.h3 Qb6 11.Rab1 Rfe8 12.Bf4 Rac8 13.Ne5 a6 14.Bh2 Nxe5 15.Bxe5 Nh5
16.g4 Nf6 17.f4 Bd7 18.Kh2 Bb5 19.g5 Nh5 20.Bxg7 Nxg7 21.Nf3 Bxd3 22.Qxd3 Qe6
23.Rbe1 b5 24.Ne5 Nf5 25.Ng4 Qb6 26.Re2 b4 27.Nh6+ Nxh6 28.gxh6 Qf6 29.Rg2 bxc3
30.bxc3 cxd4 31.cxd4 Rc6 32.Rg5 Rec8 33.Rf2 Rc3 34.Qe2 Qd6 35.h4 e6 36.Rg3 Qf8
37.Qxa6 Qxh6 38.Rh3 Rc2 39.Qf1 Qh5 40.Qg2 Rxf2 41.Qxf2 Qd1 42.Kg3 Rc2 43.Rh1 Qd3
44.Qf3 Re2  0-1

[Event "Petersburg Summer Rapid 2013"]
[Site "St Petersburg RUS"]
[Date "2013.09.01"]
[Round "6.6"]
[White "Fedoseev,Vl3"]
[Black "Goganov,A"]
[Result "1/2-1/2"]
[WhiteElo "2532"]
[BlackElo "2577"]

1.d4 Nf6 2.Bg5 d5 3.e3 Nbd7 4.c4 e6 5.cxd5 exd5 6.Nc3 Be7 7.Qc2 O-O 8.Nf3 Re8
9.Be2 Nf8 10.O-O c6 11.Ne5 N6d7 12.Bxe7 Qxe7 13.Nd3 Nf6 14.b4 Bf5 15.b5 c5
16.dxc5 Rac8 17.Qb2 Bxd3 18.Bxd3 Rxc5 19.Na4 Rcc8 20.b6 a6 21.Rac1 Ne6 22.Bf5 Ne4
23.Bxe4 dxe4 24.h3 Rxc1 25.Rxc1 Rd8 26.Qc2 Qb4 27.Rb1 Qd2 28.Qxe4 Qxa2 29.Nc3 Qa3
30.Nd5 Qc5 31.Rd1 Kh8 32.Qf5 Qf8 33.e4 a5 34.Ra1 Nd4 35.Qe5 Nb3 36.Ra4 Rc8
37.Nc7 Rd8 38.Kh2 h6 39.Nd5 Rc8 40.Nc7 Rd8 41.Rc4 Rd1 42.Nd5 Nd2 43.Rc7 Nf1+
44.Kg1 Nd2+ 45.Kh2 Nf1+ 46.Kg1 Nd2+ 47.Kh2  1/2-1/2

[Event "78th ch-ESP 2013"]
[Site "Linares ESP"]
[Date "2013.09.02"]
[Round "5.27"]
[White "Lucena Moreno,R"]
[Black "Sos Andreu,E"]
[Result "0-1"]
[WhiteElo "2015"]
[BlackElo "2229"]

1.d4 Nf6 2.Bg5 c5 3.dxc5 e6 4.Nd2 Bxc5 5.e3 O-O 6.c3 d5 7.Ngf3 Nc6 8.Be2 h6
9.Bxf6 Qxf6 10.O-O Rd8 11.Qc2 e5 12.Rfd1 Bg4 13.b4 Bb6 14.Nb3 Rac8 15.Qb2 Bxf3
16.Bxf3 e4 17.Bg4 Rc7 18.Nd4 Ne5 19.Be2 a6 20.a4 Rdc8 21.Rac1 Qg6 22.Kf1 Rd7
23.a5 Ba7 24.b5 Bb8 25.bxa6 bxa6 26.Qb6 Rd6 27.Qb7 Rcd8 28.Rb1 Nd7 29.Nb3 Qe6
30.Rd4 Qe5 31.g3 Qf5 32.Kg1 Ne5 33.Nd2 Rf6 34.Rf1 Nf3+ 35.Nxf3 exf3 36.Qxb8 Rxb8
37.Ra1  0-1

[Event "40th ch-IND w 2013"]
[Site "Kolkata IND"]
[Date "2013.09.03"]
[Round "9.6"]
[White "Mohota,N"]
[Black "Gomes,Mary"]
[Result "0-1"]
[WhiteElo "2293"]
[BlackElo "2418"]

1.d4 Nf6 2.Bg5 c5 3.d5 Qb6 4.Nc3 g6 5.e4 d6 6.Bb5+ Bd7 7.a4 Bg7 8.Qe2 Bxb5
9.axb5 Nbd7 10.f4 h6 11.Bh4 Nh5 12.Nh3 Bd4 13.Na4 Qa5+ 14.c3 a6 15.Ra3 axb5
16.Nb6 Bxc3+ 17.Kf1 Qxa3 18.bxa3 Nxb6 19.Qxb5+ Nd7 20.Ke2 Nf6 21.Bxf6 exf6
22.Nf2 Ke7 23.Qb3 Bd4 24.Rb1 b5 25.Qxb5 Rab8 26.Qd3 Rxb1 27.Qxb1 Rb8 28.Qd3 Rb2+
29.Kd1 Rxf2 30.a4 Rxf4 31.a5 Ne5 32.Qb5 c4 33.Qb7+ Kf8 34.Qb8+ Kg7 35.a6 Rf1+
36.Kc2 Rf2+ 37.Kd1 c3 38.a7 c2+  0-1

[Event "6th Sabadell Open"]
[Site "Sabadell ESP"]
[Date "2013.09.04"]
[Round "3.2"]
[White "Rojas Keim,L"]
[Black "Gonzalez Perez,A"]
[Result "1/2-1/2"]
[WhiteElo "2408"]
[BlackElo "2466"]

1.d4 Nf6 2.Bg5 d5 3.Bxf6 exf6 4.e3 Bd6 5.c4 dxc4 6.Bxc4 O-O 7.Nc3 f5 8.Nf3 Nd7
9.Qc2 Nf6 10.h3 c6 11.Ne5 Qa5 12.f4 Bb4 13.O-O Bxc3 14.Qxc3 Qxc3 15.bxc3 Nd5
16.Bxd5 cxd5 17.Rfb1 f6 18.Nf3 Rf7 19.a4 Rc7 20.Rb5 Rxc3 21.Rxd5 Be6 22.Rd6 Re8
23.d5 Bc8 24.Nd4 a6 25.Re1 Rc4 26.Kf2 Rxa4 27.Rc1 Ra2+ 28.Kf3 Ra3 29.Ne6 Rd3
30.Rc7 Bxe6 31.Rxe6 Rxe6 32.dxe6 Rd8 33.Rxb7 Ra8 34.Ke2 a5 35.Kd2 a4 36.Kc2 h5
37.Kb2 Kh7 38.Ka3 Kg6 39.e7 h4 40.Rd7 Re8 41.Kxa4 Kf7 42.Kb4  1/2-1/2

[Event "Chepukaitis Mem Blitz Prelim 2013"]
[Site "St Petersburg RUS"]
[Date "2013.09.07"]
[Round "1.5"]
[White "Yemelin,V"]
[Black "Zavgorodniaya,A"]
[Result "1-0"]
[WhiteElo "2559"]
[BlackElo "1880"]

1.d4 Nf6 2.Bg5 d5 3.e3 Nbd7 4.f4 Ne4 5.Nf3 Nxg5 6.Nxg5 Nf6 7.Bd3 Bg4 8.Be2 Bxe2
9.Qxe2 c6 10.Nd2 h6 11.Ngf3 Qa5 12.O-O e6 13.c4 Be7 14.a3 O-O 15.c5 Qc7 16.b4 a5
17.Ne5 Nd7 18.b5 cxb5 19.Qxb5 Nxe5 20.fxe5 Ra7 21.a4 Bg5 22.Ra3 Rb8 23.Nf3 Be7
24.Rb3 Qc8 25.Rfb1 Ra6 26.Qxa6  1-0

[Event "Chepukaitis Mem Blitz Final 2013"]
[Site "St Petersburg RUS"]
[Date "2013.09.07"]
[Round "4.2"]
[White "Yemelin,V"]
[Black "Goganov,A"]
[Result "0-1"]
[WhiteElo "2559"]
[BlackElo "2577"]

1.d4 Nf6 2.Bg5 d5 3.e3 e6 4.Nd2 c5 5.c3 Nc6 6.f4 Be7 7.Ngf3 h6 8.Bh4 g5 9.Bg3 cxd4
10.Nxd4 Qb6 11.Bb5 Bd7 12.O-O a6 13.Bxc6 bxc6 14.b4 O-O 15.fxg5 hxg5 16.Be5 Nh7
17.Qh5 f6 18.Qg6+ Kh8 19.N2f3 Rg8 20.Qh6 Raf8 21.Nxg5 Rxg5 22.Rxf6  0-1

[Event "Chepukaitis Mem Blitz Final 2013"]
[Site "St Petersburg RUS"]
[Date "2013.09.07"]
[Round "4.3"]
[White "Aleksandrov,A"]
[Black "Matlakov,M"]
[Result "1/2-1/2"]
[WhiteElo "2598"]
[BlackElo "2676"]

1.d4 Nf6 2.Bg5 d5 3.e3 c5 4.c3 Nbd7 5.Nf3 g6 6.Nbd2 Bg7 7.Bd3 O-O 8.O-O b6
9.Re1 Bb7 10.e4 dxe4 11.Nxe4 cxd4 12.Nxd4 Nc5 13.Bxf6 exf6 14.Bc2 f5 15.Nxc5 bxc5
16.Nb3 Qg5 17.f3 Rad8 18.Qe2 c4 19.Nd4 Bxd4+ 20.cxd4 Rxd4 21.Rad1 Rxd1 22.Rxd1 Qf6
23.Qxc4 Qxb2 24.Rb1 Bd5 25.Rxb2 Bxc4 26.Rb4 Bxa2 27.Ra4 Be6 28.Rxa7 Rc8 29.Bd3 Rc3
30.Bf1 Rc1 31.Kf2 Rc2+ 32.Kg1 g5 33.Ra4 Kg7 34.h4 h6 35.hxg5 hxg5 36.Ra1 Kf6
37.Re1 g4 38.fxg4 fxg4 39.g3 Bd5 40.Re2 Rc3 41.Rf2+ Kg5 42.Kh2 f5 43.Rd2 Be4
44.Bg2 Kf6 45.Ra2 Ke5 46.Rd2 Ra3 47.Rb2 Kd4 48.Re2 Rc3 49.Ra2 Ke3 50.Kg1 Rc1+
51.Kh2 Rc3 52.Kg1 Bf3 53.Kh2 Kd3 54.Bf1+ Ke3 55.Bg2 Be4 56.Kg1 Kd4 57.Ra4+ Ke5
58.Ra5+ Kf6 59.Bxe4 fxe4 60.Kf2 Rf3+ 61.Kg2 e3 62.Ra4 Kf5 63.Ra2 Kf6 64.Ra6+ Ke5
65.Ra5+ Ke4 66.Ra4+ Kd3 67.Ra3+ Ke4 68.Ra4+ Kf5 69.Ra5+ Kf6 70.Ra6+ Kg5 71.Ra5+ Rf5
72.Ra2 Rd5 73.Kf1 Kf5 74.Ra4 Rd2 75.Rf4+ Kg5 76.Re4 Rf2+ 77.Kg1 Re2 78.Kf1 Rf2+
79.Kg1 Rf3 80.Kg2 Kf5 81.Re8 Rf2+ 82.Kg1 Re2 83.Kf1 Rf2+ 84.Kg1 Rf3 85.Kg2 Kf6
86.Rf8+ Kg5 87.Rxf3 gxf3+ 88.Kxf3 Kf5 89.Kxe3 Kg4 90.Kf2 Kg5  1/2-1/2

[Event "Mohamed Slama Mem 2013"]
[Site "Monastir TUN"]
[Date "2013.09.09"]
[Round "1.1"]
[White "Miladinovic,I"]
[Black "House,Glenn L"]
[Result "1-0"]
[WhiteElo "2572"]
[BlackElo "2207"]

1.d4 Nf6 2.Bg5 g6 3.Bxf6 exf6 4.e3 Bg7 5.c4 f5 6.Ne2 O-O 7.Nbc3 d6 8.g3 c5
9.Bg2 cxd4 10.Nxd4 Nc6 11.Nde2 Be6 12.b3 Qa5 13.Qd2 a6 14.Rc1 Rfd8 15.Nf4 Rac8
16.Ncd5 Qxd2+ 17.Kxd2 Kf8 18.h4 a5 19.Rhd1 Bb2 20.Rc2 Ba3 21.Nb6 Rb8 22.Ke2 Bc5
23.Na4 Ba3 24.Nc3 Na7 25.Nb1 Bc5 26.Nd3 Ke7 27.Nc3 Rdc8 28.a4 Nc6 29.Nf4 Nb4
30.Rcd2 Rd8 31.Kf1 h6 32.e4 fxe4 33.Nxe6 fxe6 34.Bxe4 g5 35.hxg5 hxg5 36.Bf3 Rf8
37.Kg2 Nc6 38.Ne4 Bb4 39.Re2 Ne5 40.Re3 Nxf3 41.Rxf3 g4 42.Re3 Rf5 43.Rh1 Rbf8
44.Rh4 Rg8 45.Rh6 d5 46.cxd5  1-0

[Event "Pankrac Cup 2013"]
[Site "Prague CZE"]
[Date "2013.09.11"]
[Round "1"]
[White "Vavra,P1"]
[Black "Pesout,J"]
[Result "1-0"]
[WhiteElo "2350"]
[BlackElo "2211"]

1.d4 Nf6 2.Bg5 g6 3.Bxf6 exf6 4.e3 Bg7 5.g3 O-O 6.Bg2 d5 7.Ne2 c6 8.O-O Be6
9.b3 Nd7 10.Qd3 f5 11.c4 Nf6 12.Nbc3 Qa5 13.cxd5 Bxd5 14.b4 Qxb4 15.Bxd5 Nxd5
16.Nxd5 cxd5 17.Rfb1 Qe7 18.Rb5 Rfc8 19.Qb3 b6 20.a4 Rc6 21.a5 bxa5 22.Rbxa5 Qc7
23.Qxd5 a6 24.Nf4 Bf8 25.Nd3 Bd6 26.Kg2 Ra7 27.R1a2 Rb6 28.h4 Qc6 29.h5 Qxd5+
30.Rxd5 Kf8 31.Kf3 Ke7 32.g4 fxg4+ 33.Kxg4 Ke6 34.Rda5 f5+ 35.Kf3 Kf6 36.Rc2 Ke7
37.Rc8 Rb5 38.Ra1 a5 39.hxg6 hxg6 40.Rh1 Ra6 41.Rh7+ Kf6 42.e4 fxe4+ 43.Kxe4 a4
44.f4 Rh5 45.Rb7 g5 46.Ne5 Be7 47.Rf8+ Bxf8 48.Rf7+  1-0

[Event "Alushta Autumn 4 2013"]
[Site "Alushta UKR"]
[Date "2013.09.12"]
[Round "2"]
[White "Mikhaletz,L"]
[Black "Shtyrenkov,V"]
[Result "1/2-1/2"]
[WhiteElo "2428"]
[BlackElo "2341"]

1.d4 Nf6 2.Bg5 c5 3.Bxf6 exf6 4.Nc3 Nc6 5.Nf3 d5 6.e3 Be6 7.Be2 cxd4 8.Nxd4 Bb4
9.O-O O-O 10.Ncb5 Qb6 11.a3 Bc5 12.Nxe6 fxe6 13.b4 Be7 14.c4 dxc4 15.Bxc4 Ne5
16.Be2 Rfd8 17.Qb3 Ng6 18.Rac1 Nf8 19.a4 a5 20.bxa5 Rxa5 21.Rc4 Raa8 22.Rb1 Rd7
23.Qc2 Qa5 24.Nd4 g6 25.Qb3 Kg7 26.Bf3 Ra7 27.Rc8 Qa6 28.Be2 b5 29.Rxf8 Rxd4
30.Bxb5 Rb4 31.Qxb4 Bxb4 32.Bxa6 Kxf8 33.Rxb4 Rxa6 34.f4 Rc6 35.a5 Rc1+ 36.Kf2 Ra1
37.Rb8+ Ke7 38.Ra8 Ra2+ 39.Kf3 f5 40.Ra7+ Kf6 41.h3 h5 42.g4 hxg4+ 43.hxg4 g5
44.gxf5 Kxf5 45.fxg5 Kxg5 46.Ra8 Ra4 47.a6 Kf5 48.a7 Ke5 49.Ke2 Ke4 50.Kd2  1/2-1/2

[Event "40th North Shore Open"]
[Site "Auckland NZL"]
[Date "2013.09.14"]
[Round "3.6"]
[White "Cooper,Ni"]
[Black "McCrone,J"]
[Result "0-1"]
[WhiteElo "1747"]
[BlackElo "2087"]

1.d4 Nf6 2.Bg5 d5 3.e3 Ne4 4.Bf4 g5 5.Be5 Rg8 6.f3 Nf6 7.Bd3 Nbd7 8.Bg3 Nh5
9.Bf2 Ndf6 10.Ne2 g4 11.Ng3 Ng7 12.e4 gxf3 13.Qxf3 Bg4 14.Qe3 dxe4 15.Nxe4 Nxe4
16.Bxe4 Nf5 17.Qd3 Nd6 18.Bxh7 Rg7 19.h3 Bh5 20.g4 Bg6 21.Bxg6 Rxg6 22.Nd2 Re6+
23.Kd1 Qd7 24.Re1 Rxe1+ 25.Kxe1 O-O-O 26.Ne4 Qe6  0-1

[Event "Mohamed Slama Mem 2013"]
[Site "Monastir TUN"]
[Date "2013.09.14"]
[Round "9.1"]
[White "Miladinovic,I"]
[Black "Ezat,M"]
[Result "1/2-1/2"]
[WhiteElo "2572"]
[BlackElo "2456"]

1.d4 Nf6 2.Bg5 d5 3.Bxf6 exf6 4.e3 c6 5.c4 dxc4 6.Bxc4 Bd6 7.Nc3 O-O 8.Nf3 f5
9.Qc2 Nd7 10.Bd3 g6 11.O-O Nf6 12.Rab1 Qe7 13.a3 Re8 14.g3 Ne4 15.Nd2 Nxd2
16.Qxd2 Be6 17.Rfe1 Rad8 18.b4 Bc7 19.Bf1 h5 20.Bg2 h4  1/2-1/2

[Event "1st League Cent-SRB 2013"]
[Site "Kragujevac SRB"]
[Date "2013.09.15"]
[Round "3.3"]
[White "Djordjevic,Vu"]
[Black "Kijanovic,Igor"]
[Result "1/2-1/2"]
[WhiteElo "2123"]
[BlackElo "2004"]

1.d4 Nf6 2.Bg5 d5 3.Bxf6 exf6 4.e3 Bf5 5.Bd3 Bxd3 6.Qxd3 c6 7.Nd2 Nd7 8.Ne2 Bd6
9.c3 Qe7 10.O-O O-O 11.f4 f5 12.Rae1 g6 13.Ng3 Nf6 14.a3 b5 15.Qc2 Rfe8 16.h3 Qc7
17.Nf3 Ne4 18.Nxe4 Rxe4 19.Kf2 Rae8 20.g3 f6 21.Rg1 Qe7 22.Qd3 g5 23.Nd2 Re6
24.Nf1 Re4 25.Nd2 Re6  1/2-1/2

[Event "TCh-CRO Ia Liga 2013"]
[Site "Bol CRO"]
[Date "2013.09.16"]
[Round "3.1"]
[White "Bukal,V jr"]
[Black "Muse,M"]
[Result "1/2-1/2"]
[WhiteElo "2414"]
[BlackElo "2434"]

1.d4 Nf6 2.Bg5 d5 3.e3 c5 4.Bxf6 gxf6 5.Nc3 e6 6.dxc5 Bxc5 7.Qh5 Bb4 8.Ne2 Nd7
9.a3 Bxc3+ 10.Nxc3 f5 11.Bb5 a6 12.Bxd7+ Bxd7 13.Ne2 Qf6 14.O-O-O Rc8 15.f4 Qg6
16.Qf3 f6 17.Qf2 O-O 18.Rhg1 Kh8 19.h3 Rg8 20.Qh4 Rg7 21.Kb1 Ba4 22.b3 Be8
23.Nd4 e5 24.Nf3 Rgc7 25.fxe5 f4 26.Qxf6+ Kg8 27.Nd4 fxe3 28.Nf5 Qxf6 29.exf6 Bg6
30.Ne7+ Rxe7 31.fxe7 Bxc2+ 32.Kb2 Bxd1 33.Rxd1 Re8 34.Rxd5 Rxe7 35.Rd1 Kf7
36.Kc2 e2 37.Re1 Re3 38.a4 a5 39.Kd2 Rxb3 40.Kxe2 Rb4 41.Rc1 b6 42.Rc6 h5
43.g3 Kg7  1/2-1/2

[Event "1st League Cent-SRB 2013"]
[Site "Kragujevac SRB"]
[Date "2013.09.16"]
[Round "4.3"]
[White "Marcetic,N"]
[Black "Blesic,V"]
[Result "0-1"]
[WhiteElo "2395"]
[BlackElo "2375"]

1.d4 Nf6 2.Bg5 c5 3.Bxf6 gxf6 4.d5 d6 5.c4 h5 6.Nc3 Qa5 7.e3 Na6 8.h4 Bg4
9.Qd2 Nc7 10.Bd3 Bd7 11.Nge2 f5 12.Ng3 e6 13.Be2 O-O-O 14.Bxh5 Rh7 15.dxe6 fxe6
16.Bg6 Rh8 17.Nge2 Bc6 18.e4 Qb4 19.b3 fxe4 20.Bxe4 d5 21.cxd5 Bh6 22.Qb2 exd5
23.a3 Qb6 24.Bf5+ Kb8 25.f4 d4 26.Ne4 c4 27.O-O-O Rhf8 28.Rxd4 Rxd4 29.Nxd4 Bxe4
30.Bxe4 Rxf4 31.Kb1 Rxe4 32.Nf5 Qg6 33.Rf1 Bf4 34.g4 Qxg4 35.Qf6 Re8 36.Ne7 Bh2
37.Re1 Bg3 38.Nc6+ bxc6 39.Rxe8+ Nxe8 40.Qd8+ Kb7  0-1

[Event "TCh-CRO Ia Liga 2013"]
[Site "Bol CRO"]
[Date "2013.09.17"]
[Round "4.3"]
[White "Brumen,D"]
[Black "Zivkovic,Ni"]
[Result "1-0"]
[WhiteElo "2376"]
[BlackElo "2234"]

1.d4 Nf6 2.Bg5 c5 3.Bxf6 gxf6 4.d5 Qb6 5.Qc1 f5 6.e3 Bg7 7.c3 d6 8.Ne2 Nd7
9.Nf4 Nf6 10.Be2 Bd7 11.a4 O-O 12.a5 Qc7 13.Bf3 c4 14.O-O b5 15.Na3 Rab8
16.Nc2 e5 17.Nh5 e4 18.Nxf6+ Bxf6 19.Bh5 Qd8 20.Qd1 Qe7 21.f3 Kh8 22.fxe4 Qxe4
23.Rf4 Qe5 24.Qd4 a6 25.Raf1 Qe7 26.Qd2 Be5 27.R4f3 Rg8 28.Kh1 Qg5 29.Bxf7 Rg7
30.Be6 Bxe6 31.dxe6 Qh6 32.Rh3 Qxe6 33.Nd4 Bxd4 34.Qxd4 Kg8 35.Rff3 Rf8 36.Rhg3 Qe5
37.Qa7 Kh8 38.Rxg7 Qxg7 39.Qxa6 Rg8 40.Rg3 Qe7 41.Rxg8+ Kxg8 42.Qxb5 Qxe3
43.Qxc4+ Kf8 44.Qf1 Ke7 45.a6 Ke6 46.Qa1 Qa7 47.b4 f4 48.b5 f3 49.Qe1+ Kd5
50.gxf3 Kc4 51.Qb1 Qf2 52.Qb4+  1-0

[Event "TCh-CRO 2a Liga 2013"]
[Site "Bol CRO"]
[Date "2013.09.18"]
[Round "5.1"]
[White "Doric,D"]
[Black "Nikcevic,N"]
[Result "1/2-1/2"]
[WhiteElo "2495"]
[BlackElo "2432"]

1.d4 Nf6 2.Bg5 d5 3.e3 c6 4.Bd3 Bg4 5.Ne2 Nbd7 6.h3 Bxe2 7.Bxe2 e5 8.Nd2 Be7
9.dxe5 Nxe5 10.O-O O-O 11.c4 dxc4 12.Nxc4 Nd5 13.Bxe7 Qxe7 14.Qb3 Nxc4 15.Bxc4 Rad8
16.Rad1  1/2-1/2

[Event "1st League Cent-SRB 2013"]
[Site "Kragujevac SRB"]
[Date "2013.09.18"]
[Round "7.2"]
[White "Djukic,St"]
[Black "Ignjatovic,P"]
[Result "0-1"]
[WhiteElo "2252"]
[BlackElo "2290"]

1.d4 Nf6 2.Bg5 d5 3.Bxf6 exf6 4.g3 c6 5.Bg2 Bd6 6.e3 O-O 7.Ne2 Nd7 8.O-O f5
9.b3 Nf6 10.c4 Be6 11.Qd3 Re8 12.Nbc3 g6 13.Nf4 Bxf4 14.gxf4 Qa5 15.c5 Ne4
16.Rfc1 h6 17.a3 Qc7 18.Ne2 Qe7 19.f3 Nf6 20.Ng3 h5 21.b4 Bd7 22.Re1 h4 23.Nh1 Nh5
24.Nf2 Qf6 25.Qd2 Qh8 26.Nd3 f6 27.Ra2 Ng7 28.Qf2 Qh6 29.Kh1 Re7 30.Bh3 Rc8
31.Rae2 Kf8 32.Qg1 Ne6 33.Rg2 Rg7 34.Qf2 Nd8 35.Reg1 Nf7 36.a4 a6 37.Re1 g5
38.Reg1 Rc7 39.Ne1 Qh5 40.e4 dxe4 41.fxe4 g4 42.exf5 Nh6 43.d5 cxd5 44.Qd4 Qxf5  0-1

[Event "I Azuqueca Chess Classic 2013"]
[Site "Azuqueca de Henares ESP"]
[Date "2013.09.19"]
[Round "6.5"]
[White "Martinez Fernandez,A"]
[Black "Huerga Leache,M"]
[Result "0-1"]
[WhiteElo "1968"]
[BlackElo "2433"]

1.d4 Nf6 2.Bg5 c5 3.Bxf6 gxf6 4.d5 Qb6 5.Qc1 f5 6.c4 Bg7 7.Nc3 d6 8.e3 Nd7
9.Nf3 Nf6 10.Bd3 Ne4 11.Bxe4 fxe4 12.Nd2 f5 13.g4 fxg4 14.Ndxe4 Bf5 15.Qc2 O-O
16.O-O-O Bxc3 17.bxc3 Qa5 18.Rd2 Bxe4 19.Qxe4 Qxc3+ 20.Qc2 Qa1+ 21.Qb1 Qxb1+
22.Kxb1 Rf3 23.Rg1 h5 24.Kc2 Raf8 25.Rg2 Kg7 26.Kd1 Kg6 27.Ke1 Kg5 28.Rb2 b6
29.a4 Kh4 30.Rg3 Rxg3 31.hxg3+ Kh3 32.Kf1 Kh2 33.a5 bxa5 34.Rb7 h4 35.Rxe7 Rxf2+
36.Ke1 Kxg3 37.Re6 h3 38.Rxd6 h2 39.Rh6 a4  0-1

[Event "Baku Open 2013"]
[Site "Baku AZE"]
[Date "2013.09.19"]
[Round "1.3"]
[White "Shimanov,A"]
[Black "Kanter,E"]
[Result "1-0"]
[WhiteElo "2655"]
[BlackElo "2417"]

1.d4 Nf6 2.Bg5 d5 3.Nd2 c6 4.e3 Qb6 5.Rb1 Bf5 6.Bxf6 exf6 7.Ne2 Bd6 8.Nc1 Na6
9.Bd3 Bxd3 10.Nxd3 Nb4 11.Nc1 O-O 12.O-O Qc7 13.g3 Rfe8 14.a3 Na6 15.Nd3 Rad8
16.b4 b5 17.a4 bxa4 18.c3 Nb8 19.Qxa4 h5 20.Ra1 h4 21.Kg2 Re7 22.Qd1 g6 23.Qg4 Kg7
24.c4 f5 25.Qf3 Qb7 26.Rfb1 dxc4 27.Nc5 Qc8 28.Nxc4 Rc7 29.Nxd6 Rxd6 30.Qf4 Rd8
31.Qxh4 Nd7 32.Ra5 Nxc5 33.bxc5 Qd7 34.Qf4 Rb7 35.Rxb7 Qxb7 36.h4 Re8 37.h5 Re4
38.Qg5 Re6 39.hxg6 fxg6 40.Qd8 Re7 41.Ra1 Rd7 42.Qh4 Qb3 43.Rh1 Qd5+ 44.Kg1 Qg8
45.Qh6+ Kf7 46.Qf4 Rb7 47.Kg2  1-0